True and false prophets / (Record no. 3062)

MARC details
000 -LEADER
fixed length control field 00656pam a2200229 a 4500
001 - CONTROL NUMBER
control field 988296
003 - CONTROL NUMBER IDENTIFIER
control field GBCCL
005 - DATE AND TIME OF LATEST TRANSACTION
control field 20241126110446.0
008 - FIXED-LENGTH DATA ELEMENTS--GENERAL INFORMATION
fixed length control field 860422s1986 nju 000 0 eng
010 ## -
-- 86010245
020 ## - INTERNATIONAL STANDARD BOOK NUMBER
International Standard Book Number 0800790820 (pbk.) :
Terms of availability $6.95
040 ## - CATALOGING SOURCE
Original cataloging agency DLC
Transcribing agency DLC
Modifying agency DLC
050 00 -
-- BV4011.5
-- .B37 1986
082 00 - DEWEY DECIMAL CLASSIFICATION NUMBER
Classification number 174.1
Edition information 19
Item number BAS
100 1# - MAIN ENTRY--PERSONAL NAME
Personal name Basham, Don,
Dates associated with a name 1926-
9 (RLIN) 6352
245 10 - TITLE STATEMENT
Title True and false prophets /
Statement of responsibility, etc. Don Basham.
260 ## - PUBLICATION, DISTRIBUTION, ETC.
Place of publication, distribution, etc. Pennsylvania. :
Name of publisher, distributor, etc. Manna Books,
Date of publication, distribution, etc. c1973.
300 ## - PHYSICAL DESCRIPTION
Extent 130 p. ;
Dimensions 21 cm.
650 #0 - SUBJECT ADDED ENTRY--TOPICAL TERM
Topical term or geographic name entry element Clergy
General subdivision Professional ethics.
9 (RLIN) 135
906 ## - LOCAL DATA ELEMENT F, LDF (RLIN)
a 7
b cbc
c orignew
d 1
e ocip
f 19
g y-gencatlg
942 ## - ADDED ENTRY ELEMENTS (KOHA)
Source of classification or shelving scheme Dewey Decimal Classification
Koha item type Books
Holdings
Withdrawn status Lost status Source of classification or shelving scheme Damaged status Not for loan Home library Current Library Shelving location Date acquired Total checkouts Full call number Barcode Date last seen Copy number Price effective from Koha item type
    Dewey Decimal Classification     GRACE BIBLE COLLEGE GRACE BIBLE COLLEGE Philosophy and Religion 2017-10-16   174.1 BAS 008379 2025-05-01 c.1 2017-10-16 Books
© Grace Bible College Library 2025